中標津町にあるもの - Statistics

General Stats
  • This quiz has been taken 47 times
    12 since last reset
  • The average score is 2 of 11
Answers on the Grid
Answers color-coded by a green-red scale on the quiz's grid according to % correct below.
パチンコ ひまわり
ドミノピザ
洋服の青山
釧路信用金庫
ケーズデンキ
コイン精米機
ニトリ
ファミリーマート
ワークマン
モスバーガー
根室花まる
カメラのキタムラ
サーティワンアイスクリーム
びっくりドンキー
北海道マツダ
松尾ジンギスカン
西松屋
GU
日野自動車
コメダ珈琲
 
Answer Stats
Answer % Correct
ニトリ
45%
ワークマン
36%
サーティワンアイスクリーム
27%
びっくりドンキー
27%
西松屋
27%
洋服の青山
18%
根室花まる
18%
日野自動車
18%
パチンコ ひまわり
9%
ケーズデンキ
9%
北海道マツダ
0%
No matching quizzes found
Score Distribution
Percent of People with Each Score
Percentile by Number Answered
Your Score History
You have not taken this quiz since the last reset